[Event "Podzimni turnaj TJ Praga 2015 1A"]
[Site "Praha"]
[Date "2015.09.23"]
[Round "1.1"]
[White "Ryvova, Anna"]
[Black "Holub, Jan"]
[Result "1/2-1/2"]
[WhiteElo "1922"]
[BlackElo "2124"]
[Annotator "Ryvova, Anna"]
[Source ""]
[Remark ""]

1.e4 c5 2.Nc3 Nc6 3.g3 g6 4.Bg2 Bg7 5.d3 Rb8 6.f4 b5 7.e5 Nd4
8.Nf3 Bb7 9.O-O f6 10.Be3 fxe5 11.Nxe5 ( 11.fxe5 Bxf3 12.Bxf3
Bxe5 13.Ne4 Nf5 14.Bxc5 Bxb2 15.Rb1 Bd4+ 16.Bxd4 Nxd4 17.c3 Ne6
18.a4 $44 ) Bxg2 12.Kxg2 Nf6 13.Qd2 Qb6 14.Rae1 O-O 15.Nd1 d6
16.Nf3 ( 16.Bxd4 cxd4 17.Nf3 Rfe8 18.c3 {=} ) Nd5 17.c3
( 17.Bxd4 cxd4 18.c4 {=} ) Nxf3 18.Rxf3 e5 $15 19.Ref1 b4 20.c4
Ne7 21.Kg1 d5 ( 21...Qc6 $15 ) 22.fxe5 Rxf3 23.Rxf3 Bxe5 24.Qf2
d4 25.Bf4 Qd6 26.Qe2 Bxf4 27.Rxf4 Nf5 28.Re4 Rf8 29.Re6 {(=)}
Qd7 30.Qe5 Qa4 31.Qe2 {?} ( 31.Qd5 {!=} ) Qxa2 32.Rc6 {?}
( 32.g4 Ng7 33.Re7 ) Qa4 ( 32...Ne3 $19 ) 33.Qe6+ Kh8 34.Nf2
Qa1+ 35.Kg2 Ne3+ 36.Kh3 Qf1+ 37.Kh4 Qxf2 38.Qe5+ Kg8 39.Qe6+
Rf7 ( 39...Qf7 $19 ) 40.Qe8+ Rf8 {??} ( 40...Kg7 41.Qe5+ Rf6
42.Rc7+ ( 42.Qe7+ Kh6 43.Rxf6 Qxh2# ) Kg8 43.Qe8+ Rf8 44.Qe6+
Rf7 45.Qe8+ ( 45.Rc8+ Kg7 46.Qe5+ Qf6+ $19 ) Kg7 46.Qe5+ Qf6+
$19 ) 41.Rxg6+ {!} 1/2-1/2

[Event "Podzimni turnaj TJ Praga 2015 1A"]
[Site "Praha"]
[Date "2015.09.30"]
[Round "2.5"]
[White "Pavlicek, Petr"]
[Black "Ryvova, Anna"]
[Result "1/2-1/2"]
[WhiteElo "1929"]
[BlackElo "1922"]
[Annotator ""]
[Source ""]
[Remark ""]

1.c4 Nf6 2.d4 d5 3.cxd5 Qxd5 4.Nc3 Qa5 5.Nf3 Bf5 6.Bd2 c6 7.e3
Qd8 8.Be2 e6 9.O-O Bd6 10.Rc1 Nbd7 11.Qb3 Qb6 12.Qxb6 Nxb6 1/2-1/2

[Event "Podzimni turnaj TJ Praga 2015 1A"]
[Site "Praha"]
[Date "2015.09.22"]
[Round "1.2"]
[White "Ptak, Pavel"]
[Black "Frouz, Petr"]
[Result "1-0"]
[WhiteElo "2115"]
[BlackElo "1845"]
[Annotator ""]
[Source ""]
[Remark ""]

1.d4 d5 2.Nf3 Nf6 3.c4 e6 4.g3 Nbd7 5.Bg2 Be7 6.O-O O-O 7.Qc2
b6 8.Rd1 Bb7 9.Ne5 c5 10.cxd5 Nxd5 11.Nxd7 Qxd7 12.dxc5 Qc7 13.e4
Nb4 14.Qb3 Qxc5 15.Be3 Qc7 16.Na3 Rfd8 17.Rac1 Rxd1+ 18.Rxd1
Rc8 19.Nb5 Qb8 20.Rd7 Bf8 21.Bf4 e5 22.Qxf7+ Kh8 23.Rxb7 1-0

[Event "Podzimni turnaj TJ Praga 2015 1A"]
[Site "Praha"]
[Date "2015.09.22"]
[Round "1.3"]
[White "Hala, Martin"]
[Black "Machala, Vladislav"]
[Result "0-1"]
[WhiteElo "1918"]
[BlackElo "2054"]
[Annotator ""]
[Source ""]
[Remark ""]

1.e4 e5 2.Nf3 d6 3.Bc4 c6 4.Nc3 Be7 5.d4 Nd7 6.dxe5 dxe5 7.O-O
Ngf6 8.a4 a5 9.Qe2 O-O 10.Rd1 Qc7 11.Nh4 Nc5 12.Bg5 Bg4 13.f3
Be6 14.Nf5 Bxc4 15.Nxe7+ Qxe7 16.Qxc4 Ne6 17.Be3 Rfd8 18.Bb6
Rxd1+ 19.Rxd1 Qb4 20.Qb3 h6 21.Be3 Nd4 22.Bxd4 exd4 23.Qxb4 axb4
24.Ne2 Rxa4 25.Rxd4 c5 26.Rd8+ Kh7 27.Rc8 b6 28.Rc7 Ra2 29.e5
Nd5 30.Rxf7 Rxb2 31.Ng3 Kg6 32.Rd7 Nf4 33.Kf2 b3 34.Rd6+ Kf7
35.Ne2 Rxc2 36.Ke3 Nxe2 37.Rxb6 b2 0-1

[Event "Podzimni turnaj TJ Praga 2015 1A"]
[Site "Praha"]
[Date "2015.09.22"]
[Round "1.4"]
[White "Pesr, Jaromir"]
[Black "Brcak, Marek"]
[Result "1-0"]
[WhiteElo "2004"]
[BlackElo "1879"]
[Annotator ""]
[Source ""]
[Remark ""]

1.c4 e5 2.Nc3 Nf6 3.g3 d5 4.cxd5 Nxd5 5.Bg2 Nb6 6.d3 Be7 7.Nf3
Nc6 8.O-O O-O 9.a3 Be6 10.b4 f5 11.Bb2 Bf6 12.Rc1 Nd4 13.Nd2
Bg5 14.f4 exf4 15.gxf4 Bh6 16.e3 Nc6 17.Qe2 Nd5 18.Nxd5 Bxd5
19.Nf3 Re8 20.Ne5 Bxg2 21.Kxg2 Nxe5 22.Bxe5 c6 23.Qa2+ Kh8 24.d4
Rc8 25.Rc2 Qd7 26.Kf3 Red8 27.Rg1 Qd5+ 28.Qxd5 Rxd5 29.Rcg2 Rd7
30.h4 Kg8 31.h5 a5 32.Rb2 axb4 33.axb4 Ra8 34.b5 c5 35.dxc5 Ra3
36.c6 Rdd3 37.Re1 bxc6 38.bxc6 g5 39.c7 g4+ 40.Kg2 1-0

[Event "Podzimni turnaj TJ Praga 2015 1A"]
[Site "Praha"]
[Date "2015.09.22"]
[Round "1.5"]
[White "Adamek, Milan"]
[Black "Sramek, Jiri"]
[Result "1-0"]
[WhiteElo "1874"]
[BlackElo "1980"]
[Annotator ""]
[Source ""]
[Remark ""]

1.e4 c6 2.d4 d5 3.e5 Bf5 4.Nf3 e6 5.Be2 c5 6.Be3 c4 7.O-O Nc6
8.b3 Nb4 9.Na3 Qa5 10.c3 Qxa3 11.cxb4 b5 12.Nh4 Be4 13.f3 Bg6
14.f4 Bxb4 15.f5 exf5 16.Bc1 Qa6 17.a4 Qb6 18.Be3 Ne7 19.axb5
Bc3 20.bxc4 Bxa1 21.c5 Qa5 22.Qxa1 Qxa1 23.Rxa1 Kd7 24.Ra6 Rhd8
25.Bd2 h6 26.Ba5 Rdc8 27.Rd6+ Ke8 28.Bd3 Bh7 29.Kf2 Rcb8 30.c6
g6 31.Rd7 Rd8 32.Bxd8 Rxd8 33.Rxa7 1-0

[Event "Podzimni turnaj TJ Praga 2015 1A"]
[Site "Praha"]
[Date "2015.09.22"]
[Round "1.6"]
[White "Pribyl, Jaroslav"]
[Black "Stepanek, Svatopluk"]
[Result "0-1"]
[WhiteElo "1975"]
[BlackElo "1869"]
[Annotator ""]
[Source ""]
[Remark ""]

1.d4 d5 2.Nf3 Nf6 3.c4 c6 4.Nc3 e6 5.cxd5 exd5 6.Bg5 h6 7.Bh4
Be7 8.Qc2 O-O 9.e3 Ne4 10.Bxe7 Qxe7 11.Bd3 Re8 12.O-O Nd7 13.b4
Ndf6 14.Rab1 a6 15.Na4 Rb8 16.Nb6 Bf5 17.Ne5 Be6 18.Na4 Nd7 19.Nxd7
Bxd7 20.Rfc1 Qg5 21.Nc5 Bh3 22.g3 Nf6 23.a4 Bg4 24.b5 axb5 25.axb5
cxb5 26.Rxb5 b6 27.Qb2 Rxe3 28.Rxb6 Rbe8 29.Rb8 R3e7 30.Rb1 Bf5
31.Qc2 Bxd3 32.Qxd3 g6 33.Qf3 Kg7 34.R8b7 Qd2 35.Rxe7 Rxe7 36.Nd3
Qc3 37.Nf4 Qxf3 0-1

[Event "Podzimni turnaj TJ Praga 2015 1A"]
[Site "Praha"]
[Date "2015.09.22"]
[Round "1.7"]
[White "Kolar, Dan"]
[Black "Pavlicek, Petr"]
[Result "1/2-1/2"]
[WhiteElo "1866"]
[BlackElo "1929"]
[Annotator ""]
[Source ""]
[Remark ""]

1.e4 c5 2.Nf3 d6 3.d3 g6 4.g3 Bg7 5.Bg2 Nc6 6.O-O e6 7.Re1 Nge7
8.c3 O-O 9.Nbd2 Rb8 10.Nb3 b5 11.d4 cxd4 12.cxd4 a5 13.Be3 a4
14.Nc1 f5 15.exf5 Nxf5 16.Ne2 Qb6 17.Qd2 Nxe3 18.fxe3 Bb7 19.Kh1
Ne7 20.Rf1 {0:40} Be4 {0:50} 21.Nc3 1/2-1/2

[Event "Podzimni turnaj TJ Praga 2015 1A"]
[Site "Praha"]
[Date "2015.09.22"]
[Round "1.8"]
[White "Toupal, Josef"]
[Black "Pokorny, Jan"]
[Result "1/2-1/2"]
[WhiteElo "1817"]
[BlackElo "1865"]
[Annotator ""]
[Source ""]
[Remark ""]

1.e4 c5 2.Nf3 g6 3.d4 cxd4 4.Nxd4 Bg7 5.c4 Nc6 6.Be3 a6 7.Nc3
Nf6 8.Be2 O-O 9.O-O d6 10.Rc1 Bd7 11.a3 Rc8 12.f3 Nh5 13.Qd2
Nxd4 14.Bxd4 Bxd4+ 15.Qxd4 Nf4 16.Rfd1 Nxe2+ 17.Nxe2 Bc6 18.b4
b5 19.c5 dxc5 20.Qxc5 Qe8 21.Qb6 Bd7 22.Qxa6 Rxc1 23.Nxc1 Be6
24.Qb7 Bc4 25.Kf2 Qa8 26.Qxe7 Qxa3 27.Qd6 Ra8 28.Nd3 Qb3 1/2-1/2

[Event "Podzimni turnaj TJ Praga 2015 1A"]
[Site "Praha"]
[Date "2015.09.22"]
[Round "1.9"]
[White "Paulovic, Milan"]
[Black "Krumphanzl, Vlastimil"]
[Result "1-0"]
[WhiteElo "1855"]
[BlackElo "1797"]
[Annotator ""]
[Source ""]
[Remark ""]

1.c4 Nf6 2.g3 e5 3.Bg2 c6 4.Nc3 Bc5 5.d3 d5 6.cxd5 cxd5 7.Qb3
Nc6 8.Nxd5 O-O 9.Nxf6+ Qxf6 10.Nf3 Bb4+ 11.Nd2 Nd4 12.Qd1 Bg4
13.f3 Qc6 14.O-O Be6 15.Nb3 Nc2 16.Rb1 Bxb3 17.axb3 Qc5+ 18.Kh1
Ne3 19.Bxe3 Qxe3 20.Rc1 Rac8 21.Rc4 Bd6 22.Qc2 Rc5 23.Qc1 Qxc1
24.Rfxc1 b6 25.Bh3 g6 26.Rxc5 Bxc5 27.Bd7 Rd8 28.Bb5 a5 29.Kg2
Kf8 30.f4 exf4 31.gxf4 Rd4 32.Kf3 Rb4 33.Bc4 a4 34.bxa4 Rxa4
35.e3 Rb4 36.Rc2 Ra4 37.d4 Bd6 38.Bd5 Ke7 39.Rc6 Rb4 40.b3 f5
41.Bg8 h6 42.Bh7 g5 43.fxg5 hxg5 44.Bxf5 Rxb3 45.h3 b5 46.Ke4
Bh2 47.Be6 Ra3 48.Bg4 b4 49.Rc2 Bd6 50.Rb2 Rc3 51.Bd1 Kd7 52.Rb3
Rc1 53.Bg4+ Kc6 54.Kf5 Be7 55.e4 Kb5 56.Ke6 Bd8 57.Kd7 Bc7 58.e5
Ba5 59.Rd3 Rc7+ 60.Ke6 Kc4 1-0

[Event "Podzimni turnaj TJ Praga 2015 1A"]
[Site "Praha"]
[Date "2015.09.22"]
[Round "1.10"]
[White "Ulicny, Daniel"]
[Black "Hajek, Jiri"]
[Result "1/2-1/2"]
[WhiteElo "1772"]
[BlackElo "1853"]
[Annotator ""]
[Source ""]
[Remark ""]

1.d4 d5 2.c4 e6 3.Nc3 Nf6 4.Bg5 Nbd7 5.e3 h6 6.Bf4 c6 7.Bd3 dxc4
8.Bxc4 Bb4 9.a3 Bxc3+ 10.bxc3 Qa5 11.Qb3 Nd5 12.Bxd5 exd5 13.Bd6
Nb6 14.Nf3 Nc4 15.Bg3 O-O 16.h3 Bf5 17.O-O Qb6 18.Qxb6 axb6 19.a4
Bc2 20.Ne5 Nxe5 21.Bxe5 Rxa4 22.Rxa4 Bxa4 23.Bc7 b5 24.Bd6 Ra8
25.Ra1 f6 26.Kh2 Kf7 27.Kg3 Ke6 28.Bc5 Kd7 29.h4 h5 30.Kf4 Kc7
31.g4 b6 1/2-1/2

[Event "Podzimni turnaj TJ Praga 2015 1A"]
[Site "Praha"]
[Date "2015.09.22"]
[Round "1.11"]
[White "Horak, Karel"]
[Black "Davidek, Bohuslav"]
[Result "1/2-1/2"]
[WhiteElo "1844"]
[BlackElo "1771"]
[Annotator ""]
[Source ""]
[Remark ""]

1.e4 e5 2.Nf3 Nc6 3.d4 exd4 4.Nxd4 Bc5 5.Be3 Qf6 6.c3 Nge7 7.Bc4
O-O 8.O-O Bb6 9.Na3 d6 10.Nac2 Qg6 11.Nxc6 bxc6 12.Bd3 Qg4 13.f4
Bxe3+ 14.Nxe3 Qxd1 15.Raxd1 Ng6 16.e5 dxe5 17.f5 Nf4 18.Be4 Rb8
19.Rd2 Ba6 20.Rfd1 Be2 21.Re1 Ba6 22.Bxc6 Nd3 23.Rb1 Nf4 24.b4
Ne2+ 25.Kf2 Nxc3 26.Rc1 Nb5 27.Bxb5 Bxb5 28.Rxc7 a6 29.Ng4 1/2-1/2

[Event "Podzimni turnaj TJ Praga 2015 1A"]
[Site "Praha"]
[Date "2015.09.23"]
[Round "1.13"]
[White "Lavrincik, Pavel"]
[Black "Radics, Robert"]
[Result "1/2-1/2"]
[WhiteElo "1827"]
[BlackElo "1752"]
[Annotator ""]
[Source ""]
[Remark ""]

1.d4 d5 2.c4 dxc4 3.Nf3 a6 4.e3 e6 5.Bxc4 c5 6.O-O Nf6 7.e4 b5
8.Bd3 Bb7 9.Bg5 cxd4 10.a4 Be7 11.axb5 O-O 12.Ra4 Nfd7 13.Bxe7
Qxe7 14.bxa6 Nxa6 15.Rxd4 Ndc5 16.Bc2 Rfd8 17.Nc3 Nb4 18.Qc1
Nxc2 19.Qxc2 f5 20.exf5 Bxf3 21.Rxd8+ Rxd8 22.gxf3 Qg5+ 23.Kh1
Qh5 24.Qe2 Rd2 25.Qe3 Qxf5 26.Ne4 Nxe4 27.fxe4 Qf6 28.b4 1/2-1/2

[Event "Podzimni turnaj TJ Praga 2015 1A"]
[Site "Praha"]
[Date "2015.09.29"]
[Round "2.1"]
[White "Machala, Vladislav"]
[Black "Adamek, Milan"]
[Result "1-0"]
[WhiteElo "2054"]
[BlackElo "1874"]
[Annotator "Ryvova, Anna"]
[Source ""]
[Remark ""]

1.e4 c5 2.c3 d5 3.exd5 Qxd5 4.d4 Nf6 5.Nf3 Bg4 6.Be2 e6 7.O-O
Be7 8.h3 Bh5 9.Na3 Nc6 10.Nb5 Rc8 11.c4 Qd8 12.d5 exd5 13.Nh4
Bxe2 14.Qxe2 O-O 15.Nf5 Qd7 16.cxd5 Nxd5 {??} ( 16...Qxf5 {=} )
17.Qg4 {!} 1-0

[Event "Podzimni turnaj TJ Praga 2015 1A"]
[Site "Praha"]
[Date "2015.09.29"]
[Round "2.2"]
[White "Stepanek, Svatopluk"]
[Black "Pesr, Jaromir"]
[Result "0-1"]
[WhiteElo "1869"]
[BlackElo "2004"]
[Annotator ""]
[Source ""]
[Remark ""]

1.d4 f5 2.Nc3 Nf6 3.Nf3 b6 4.Bf4 e6 5.e3 Bb7 6.a3 a6 7.Be2 Be7
8.h3 O-O 9.Ne5 d6 10.Nf3 Ne4 11.Nxe4 Bxe4 12.Rg1 Nd7 13.Nd2 e5
14.dxe5 dxe5 15.Nxe4 exf4 16.Qd5+ Kh8 17.O-O-O fxe4 18.Qxd7 fxe3
19.f3 Qxd7 20.Rxd7 Bd6 21.fxe4 Rf2 22.Kd1 Bh2 23.Rf1 Rxg2 24.e5
Bxe5 25.Bf3 Rf2 26.Rxf2 exf2 27.Ke2 Rf8 28.Kxf2 Bxb2 29.a4 Be5
30.Ke3 g6 31.Re7 Bd6 32.Re4 Kg7 33.Be2 Bc5+ 34.Kd3 a5 35.Bg4
h5 36.Be2 Rf2 37.c3 Rh2 38.Bf1 Kf6 39.Rf4+ Kg5 40.Ke4 Bd6 41.Rf3
Rd2 42.Bb5 Kh4 43.Bd3 g5 44.Kf5 g4 45.hxg4 hxg4 46.Re3 Bc5 47.Re4
Rxd3 48.Rxg4+ Kh5 49.Rg5+ Kh4 50.Rg7 Bd6 0-1

[Event "Podzimni turnaj TJ Praga 2015 1A"]
[Site "Praha"]
[Date "2015.09.29"]
[Round "2.3"]
[White "Sramek, Jiri"]
[Black "Paulovic, Milan"]
[Result "1/2-1/2"]
[WhiteElo "1980"]
[BlackElo "1855"]
[Annotator ""]
[Source ""]
[Remark ""]

1.d4 d5 2.c4 e6 3.Nc3 Nf6 4.g3 g6 5.Bg2 Bg7 6.Bg5 dxc4 7.Qa4+
Bd7 8.Qxc4 Bc6 9.e4 h6 10.Bxf6 Bxf6 11.Nge2 1/2-1/2

[Event "Podzimni turnaj TJ Praga 2015 1A"]
[Site "Praha"]
[Date "2015.09.29"]
[Round "2.4"]
[White "Holub, Jan"]
[Black "Ptak, Pavel"]
[Result "1/2-1/2"]
[WhiteElo "2124"]
[BlackElo "2115"]
[Annotator ""]
[Source ""]
[Remark ""]

1.e4 g6 2.d4 c6 3.c4 Bg7 4.Nc3 d6 5.Be3 a6 6.Qd2 b5 7.f4 Nd7
8.Nf3 Qa5 9.Bd3 bxc4 10.Bxc4 Nb6 11.Bb3 Nf6 12.h3 Qb4 13.O-O
a5 14.Ng5 O-O 15.e5 Nfd5 16.Nxd5 Nxd5 17.Bxd5 cxd5 18.Rfc1 Rb8
19.b3 Rd8 20.Rc7 dxe5 21.fxe5 f6 1/2-1/2

[Event "Podzimni turnaj TJ Praga 2015 1A"]
[Site "Praha"]
[Date "2015.09.29"]
[Round "2.6"]
[White "Frouz, Petr"]
[Black "Kolar, Dan"]
[Result "0-1"]
[WhiteElo "1845"]
[BlackElo "1866"]
[Annotator ""]
[Source ""]
[Remark ""]

1.d4 Nf6 2.Nf3 g6 3.c4 Bg7 4.Nc3 d6 5.h3 O-O 6.e4 e5 7.d5 a5
8.Be2 Na6 9.Be3 Nd7 10.O-O f5 11.exf5 gxf5 12.Bg5 Nf6 13.a3 Qe8
14.Qd2 Nc5 15.Qc2 a4 16.Be3 Nb3 17.Rad1 Kh8 18.Rfe1 Rg8 19.Nb5
Qe7 20.Nh4 f4 21.Bc1 Ne8 22.Nf5 Qg5 23.Bd3 Bf6 24.g3 Nc5 25.g4
Nxd3 26.Qxd3 Bxf5 27.Qf3 h5 0-1

[Event "Podzimni turnaj TJ Praga 2015 1A"]
[Site "Praha"]
[Date "2015.09.30"]
[Round "2.7"]
[White "Hajek, Jiri"]
[Black "Toupal, Josef"]
[Result "1-0"]
[WhiteElo "1853"]
[BlackElo "1817"]
[Annotator "Hajek, Jiri"]
[Source ""]
[Remark ""]

1.e4 g6 2.d4 Bg7 3.Nf3 d6 4.Bc4 Nf6 5.Nc3 a6 6.a4 Nbd7 7.O-O
( 7.Bxf7+ Kxf7 8.Ng5+ Kg8 9.Ne6 Qe8 10.Nxc7 Qf7 11.Nxa8 ) O-O
8.e5 dxe5 9.dxe5 Ng4 10.e6 Nde5 11.exf7+ Kh8 12.Nxe5 Nxe5 13.Bb3
Nxf7 14.Qxd8 Nxd8 15.Nd5 c5 16.Nxe7 ( 16.Nb6 Rb8 17.c3 ) Be6
17.Bxe6 Nxe6 18.c3 Rf7 ( 18...Rad8 19.c4 Rd4 20.Re1 Nf4 ) 19.Nd5
Rd8 20.Nb6 Rd6 21.Nc4 Rd3 22.Be3 Rfd7 23.Rfe1 Kg8 24.Kf1 Kf7
25.Ke2 Rd8 26.a5 Bf6 27.Ra3 R3d7 28.f4 Rd5 29.Rb3 R5d7 30.g4
Re8 31.Kf3 h5 32.h3 ( 32.gxh5 gxh5 33.Rb6 Kf8 34.Bxc5+ ) hxg4+
33.hxg4 Rh8 34.Kg2 Rh4 35.g5 Bg7 36.Kg3 Rh5 37.Re2 Rh1 38.Rd2
Rc7 39.Nd6+ Ke7 40.Rxb7 Rxb7 41.Nxb7 c4 42.Nd6 Re1 43.Kf2 Ra1
44.Nxc4 Ra4 45.b3 Ra1 46.Rd3 Ra2+ 47.Kf3 Rc2 48.Bd4 Bxd4 49.cxd4
Ra2 50.Ne5 Kd6 51.Nxg6 Rxa5 52.Ne5 Rb5 53.Kg4 Kd5 54.f5 Nxd4
55.Nc6 1-0

[Event "Podzimni turnaj TJ Praga 2015 1A"]
[Site "Praha"]
[Date "2015.09.29"]
[Round "2.8"]
[White "Zimak, Karel"]
[Black "Horak, Karel"]
[Result "0-1"]
[WhiteElo "1831"]
[BlackElo "1844"]
[Annotator ""]
[Source ""]
[Remark ""]

1.d4 Nf6 2.Nf3 c5 3.d5 d6 4.c4 b5 5.cxb5 a6 6.e3 g6 7.Nc3 Bg7
8.Bc4 O-O 9.O-O Nbd7 10.Re1 Nb6 11.Bf1 axb5 12.Bxb5 Ba6 13.Bc6
Rb8 14.a4 Nc4 15.Nb5 Na5 16.e4 Nxc6 17.dxc6 Bxb5 18.axb5 Rxb5
19.Ra7 Ne8 20.Qa4 Rb4 21.Qd1 Nc7 22.e5 Qb8 23.Ra2 d5 24.Re2 Qb5
25.Bd2 Re4 26.Re3 Qxc6 27.Rea3 Bxe5 28.Nxe5 Rxe5 29.Bh6 Rb8 30.Bf4
Re6 31.h4 Rd8 0-1

[Event "Podzimni turnaj TJ Praga 2015 1A"]
[Site "Praha"]
[Date "2015.09.29"]
[Round "2.9"]
[White "Davidek, Bohuslav"]
[Black "Lavrincik, Pavel"]
[Result "1/2-1/2"]
[WhiteElo "1771"]
[BlackElo "1827"]
[Annotator ""]
[Source ""]
[Remark ""]

1.e4 d6 2.d4 Nf6 3.Nc3 g6 4.Nf3 Bg7 5.Be2 O-O 6.O-O Nbd7 7.Bf4
c6 8.a4 Qa5 9.Qd2 Re8 10.Nd5 Qxd2 11.Nxf6+ Nxf6 12.Nxd2 Ng4 13.Bxg4
Bxg4 14.c3 e5 15.dxe5 dxe5 16.Be3 Red8 17.f3 Be6 18.Rfd1 Rd3
19.Nf1 Rxd1 20.Rxd1 Kf8 21.a5 Ke8 22.Bc5 Bb3 23.Rd2 Bh6 24.Ne3
Be6 25.Kf2 Bf8 26.Bxf8 Kxf8 27.g4 Ke7 28.g5 b6 29.axb6 axb6 30.Kg3
Ra1 1/2-1/2

[Event "Podzimni turnaj TJ Praga 2015 1A"]
[Site "Praha"]
[Date "2015.09.30"]
[Round "2.10"]
[White "Radics, Robert"]
[Black "Ulicny, Daniel"]
[Result "1/2-1/2"]
[WhiteElo "1752"]
[BlackElo "1772"]
[Annotator ""]
[Source ""]
[Remark ""]

1.c4 c5 2.Nc3 Nf6 3.Nf3 Nc6 4.g3 g6 5.d3 Bg7 6.Bg2 O-O 7.O-O
d6 8.Rb1 a6 9.a3 Qc7 10.Bd2 Rb8 11.b4 cxb4 12.axb4 b5 13.Nd5
Nxd5 14.cxd5 Ne5 15.Nd4 Bb7 16.Rc1 Qb6 17.Nc6 Bxc6 18.Be3 Qc7
19.dxc6 e6 20.Bf4 Rb6 21.Be3 Rbb8 22.h3 d5 23.Bf4 Qb6 24.Be3
Qc7 25.Bf4 Qb6 26.Be3 1/2-1/2

[Event "Podzimni turnaj TJ Praga 2015 1A"]
[Site "Praha"]
[Date "2015.09.29"]
[Round "2.11"]
[White "Pokorny, Jan"]
[Black "Hala, Martin"]
[Result "1/2-1/2"]
[WhiteElo "1865"]
[BlackElo "1918"]
[Annotator ""]
[Source ""]
[Remark ""]

1.d4 d5 2.Nf3 h6 3.g3 Bf5 4.Bg2 e6 5.Nbd2 Nf6 6.Ne5 Nfd7 7.e4
dxe4 8.Nxd7 Qxd7 9.Nxe4 c6 10.O-O Na6 11.c3 Rd8 12.Bf4 Be7 13.a4
Nc7 14.Nc5 1/2-1/2

[Event "Podzimni turnaj TJ Praga 2015 1A"]
[Site "Praha"]
[Date "2015.09.29"]
[Round "2.12"]
[White "Krumphanzl, Vlastimil"]
[Black "Vitek, Jan"]
[Result "1/2-1/2"]
[WhiteElo "1797"]
[BlackElo "1761"]
[Annotator ""]
[Source ""]
[Remark ""]

1.Nf3 f5 2.b3 Nf6 3.Bb2 e6 4.e3 Be7 5.c4 b6 6.Be2 Bb7 7.O-O O-O
8.Qc2 c5 9.d3 Nc6 10.a3 Qe8 11.Nbd2 h6 12.d4 Nd8 13.Ne5 d6 14.Nd3
Ne4 15.f3 Nxd2 16.Qxd2 Bf6 17.Rad1 e5 18.dxc5 dxc5 19.b4 Rc8
20.bxc5 bxc5 21.Nf2 e4 22.f4 Ne6 23.Bxf6 Rxf6 24.Qd7 Qxd7 25.Rxd7
Rc7 26.Rxc7 Nxc7 27.Rd1 g6 28.Rd7 Rf7 29.Rxf7 Kxf7 30.Nd1 Ke6
31.Kf2 Kf6 32.h4 g5 33.hxg5+ hxg5 34.g3 g4 35.Ke1 Ke6 36.Kd2
Kd6 37.Kc3 Bc6 38.Kb3 Ne6 39.Nc3 a6 40.Nd1 1/2-1/2

[Event "Podzimni turnaj TJ Praga 2015 1A"]
[Site "Praha"]
[Date "2015.09.29"]
[Round "2.13"]
[White "Brcak, Marek"]
[Black "Pribyl, Jaroslav"]
[Result "1-0"]
[WhiteElo "1879"]
[BlackElo "1975"]
[Annotator ""]
[Source ""]
[Remark ""]

1.e4 c6 2.d4 d5 3.Nc3 dxe4 4.Nxe4 Bf5 5.Ng3 Bg6 6.h4 h6 7.h5
Bh7 8.Nf3 Nd7 9.Bd3 Bxd3 10.Qxd3 e6 11.Bd2 Ngf6 12.O-O-O Qc7
13.Qe2 Bd6 14.Nf5 Bf8 15.Ne5 Nxe5 16.dxe5 Nd7 17.Nd6+ Bxd6 18.exd6
Qxd6 19.Bxh6 Qf8 20.Bg5 Qc5 21.f4 Nf6 22.Bxf6 gxf6 23.h6 Qa5
24.Kb1 Rd8 25.g4 Ke7 26.Rxd8 Kxd8 27.Rd1+ Ke7 28.Qh2 Rd8 29.Rc1
Qd5 30.h7 Rh8 31.Qh6 Qe4 32.Rh1 Qg6 33.Qh3 Kf8 34.f5 Qg5 35.Qa3+
Kg7 36.fxe6 fxe6 37.Qxa7 Qd5 38.Qxb7+ Kg6 39.Rc1 Rxh7 40.Qc8
Ra7 41.b3 Qa5 42.Qg8+ Rg7 43.Qxe6 Ra7 44.Qg8+ Rg7 45.Qe8+ Rf7
46.Qxc6 Ra7 47.Qe4+ Kg7 48.a4 Qc3 49.Rh1 1-0

[Event "Podzimni turnaj TJ Praga 2015 1A"]
[Site "Praha"]
[Date "2015.10.06"]
[Round "3.1"]
[White "Pesr, Jaromir"]
[Black "Machala, Vladislav"]
[Result "1-0"]
[WhiteElo "2004"]
[BlackElo "2054"]
[Annotator "Ryvova, Anna"]
[Source ""]
[Remark ""]

1.e4 c6 2.d4 d5 3.Nc3 dxe4 4.Nxe4 e5 5.dxe5 Qa5+ 6.Nc3 Qxe5+
7.Be2 Bg4 8.h3 Bh5 {?} 9.g4 Bg6 10.f4 Qc7 11.f5 Nd7 12.fxg6 fxg6
13.Bd3 O-O-O 14.Nge2 Ngf6 15.Bf4 Bd6 16.Bxd6 Qxd6 17.Qd2 Nb6
18.O-O-O Qb4 19.a3 Qc5 20.Qf4 Rhe8 21.Kb1 Nfd5 22.Nxd5 Nxd5 23.Qh2
Ne3 24.Rc1 Qb6 25.Nc3 Qd4 26.Rhe1 a6 27.Re2 Rf8 28.Rce1 Nd5 29.Nxd5
Qxd5 30.Re7 Rd7 31.Re8+ Rd8 32.Rxf8 Rxf8 33.Re7 Qa5 34.Qd6 Rd8
35.Qe6+ Kb8 36.Rxg7 Qd2 37.Qe7 1-0

[Event "Podzimni turnaj TJ Praga 2015 1A"]
[Site "Praha"]
[Date "2015.10.06"]
[Round "3.2"]
[White "Kolar, Dan"]
[Black "Holub, Jan"]
[Result "0-1"]
[WhiteElo "1866"]
[BlackElo "2124"]
[Annotator ""]
[Source ""]
[Remark ""]

1.e4 c5 2.Nf3 Nc6 3.d3 g6 4.g3 Bg7 5.Bg2 d6 6.O-O e5 7.c3 Nge7
8.a3 a5 9.a4 O-O 10.Na3 h6 11.Be3 f5 12.Qd2 g5 13.exf5 Bxf5 14.Qc2
Qd7 15.Nd2 Rf7 16.Ndc4 Qe6 17.Rac1 Rd8 18.Nd2 b6 19.Ndc4 d5 20.Nxb6
c4 21.Bc5 Bxd3 22.Qd2 Bxf1 23.Bxf1 e4 24.Nb5 Ng6 25.Nd4 Nxd4
26.cxd4 Rb8 27.Qxa5 e3 28.Bg2 exf2+ 29.Kf1 Re8 30.Bxd5 Qe2+ 31.Kg2
f1Q# 0-1

[Event "Podzimni turnaj TJ Praga 2015 1A"]
[Site "Praha"]
[Date "2015.10.21"]
[Round "3.3"]
[White "Hajek, Jiri"]
[Black "Brcak, Marek"]
[Result "0-1"]
[WhiteElo "1853"]
[BlackElo "1879"]
[Annotator ""]
[Source ""]
[Remark ""]

1.e4 e5 2.Nf3 Nc6 3.d4 exd4 4.Nxd4 Bc5 5.Be3 Qf6 6.c3 Nge7 7.Be2
O-O 8.O-O d5 9.Nb5 Bxe3 10.fxe3 Qe5 11.Nd2 dxe4 12.Qa4 a6 13.Na3
Bf5 14.Rf2 b5 15.Qc2 Nd5 16.Nf1 Rad8 17.Qc1 Nf6 18.Ng3 Bg6 19.Nc2
Ne7 20.a4 Rd6 21.axb5 axb5 22.Qf1 Rd2 23.Bd1 Rxf2 24.Qxf2 Nf5
25.Nxf5 Bxf5 26.Nd4 Bg4 27.Bb3 Bd7 28.Bd1 c5 29.Nc2 Rd8 30.Be2
h6 31.Qf1 Be6 32.Rd1 Rxd1 33.Qxd1 Bb3 34.Bxb5 Bxc2 35.Qxc2 Ng4
36.g3 Nxe3 37.Qd2 Nf5 38.Qd8+ Kh7 39.Qd2 e3 40.Qe2 g6 41.Bd3
Nd6 42.Qf3 Kg7 43.Qg2 h5 44.Qf3 Qe6 45.Qe2 Qe7 46.Qf3 Qg5 47.Qc6
Qe5 48.Qf3 Ne8 49.Bc4 Nf6 50.Qb7 Qe8 51.Qf3 Qe4 52.Qe2 Ng4 53.Bd3
Qe5 54.Qf3 Nf2 55.Bc4 Qe7 56.Kf1 Ng4 57.Qg2 Qd7 58.Qe2 Qf5+ 59.Kg1
Ne5 60.Bb5 Qe4 61.Qg2 Qb1+ 62.Bf1 Nc4 63.Qe2 Nd2 64.Kg2 Nxf1
65.Qxf1 Qxb2+ 66.Kf3 Qxc3 67.Qe2 Qd2 0-1

[Event "Podzimni turnaj TJ Praga 2015 1A"]
[Site "Praha"]
[Date "2015.10.06"]
[Round "3.4"]
[White "Paulovic, Milan"]
[Black "Hala, Martin"]
[Result "1/2-1/2"]
[WhiteElo "1855"]
[BlackElo "1918"]
[Annotator ""]
[Source ""]
[Remark ""]

1.g3 d5 2.Bg2 Bf5 3.c4 Nf6 4.cxd5 c6 5.dxc6 Nxc6 6.d3 e6 7.Nf3
Bc5 8.O-O O-O 9.a3 e5 10.Nbd2 Rc8 11.b4 Bd4 12.Nxd4 Nxd4 13.Bb2
b6 14.Nf3 Nxf3+ 15.Bxf3 Bg4 16.Bg2 Re8 17.Qd2 1/2-1/2

[Event "Podzimni turnaj TJ Praga 2015 1A"]
[Site "Praha"]
[Date "2015.10.06"]
[Round "3.5"]
[White "Horak, Karel"]
[Black "Sramek, Jiri"]
[Result "1-0"]
[WhiteElo "1844"]
[BlackElo "1980"]
[Annotator "Ryvova, Anna"]
[Source ""]
[Remark ""]

1.e4 c6 2.d4 d5 3.exd5 cxd5 4.c4 Nf6 5.Nc3 e6 6.Nf3 Nc6 7.Bg5
Be7 8.c5 O-O 9.Bb5 Qc7 10.O-O Rd8 11.Re1 Bd7 12.Qd2 b6 13.Bxc6
Bxc6 14.b4 bxc5 15.bxc5 Ne4 16.Nxe4 dxe4 17.Bxe7 Qxe7 18.Ne5
Qxc5 {??} 19.dxc5 1-0

[Event "Podzimni turnaj TJ Praga 2015 1A"]
[Site "Praha"]
[Date "2015.10.06"]
[Round "3.6"]
[White "Ptak, Pavel"]
[Black "Stepanek, Svatopluk"]
[Result "1-0"]
[WhiteElo "2115"]
[BlackElo "1869"]
[Annotator ""]
[Source ""]
[Remark ""]

1.d4 d5 2.Nf3 Nf6 3.c4 e6 4.g3 Be7 5.Bg2 c6 6.Qc2 Nbd7 7.O-O
dxc4 8.Qxc4 Nb6 9.Qc2 O-O 10.Rd1 Nbd5 11.a3 Bd7 12.e4 Nc7 13.Nc3
Rc8 14.Ne5 Nb5 15.Nxb5 cxb5 16.Qd3 Qc7 17.Bg5 Bc6 18.Rac1 h6
19.Bxf6 Bxf6 20.Nxc6 bxc6 21.e5 Be7 22.Rxc6 Qa5 23.b4 Qa4 24.Rdc1
Rb8 25.Bf1 Bxb4 26.axb4 Qxb4 27.Rb1 Qa5 28.Be2 g6 29.Rxe6 Rb6
30.Rxb6 Qxb6 31.d5 1-0